Προσοχή και μαθησιακές δεξιότητες

Αποθηκεύτηκε σε:
Λεπτομέρειες βιβλιογραφικής εγγραφής
Κύριος συγγραφέας: Reddy, Peter
Άλλοι συγγραφείς: Σπανούδης, Γιώργος (Μεταφραστής)
Μορφή: Βιβλίο
Γλώσσα:Greek
English
Δημοσίευση: Αθήνα : Ελληνικά Γράμματα , 1995.
Έκδοση:2η εκδ.
Σειρά:Γνωστική ψυχολογία. Γνωστικές λειτουργίες ; 7
Θέματα:
Ετικέτες: Προσθήκη ετικέτας
Δεν υπάρχουν, Καταχωρήστε ετικέτα πρώτοι!

MARC

LEADER 00000cam a2200000 i 4500
001 1/80355
008 960827s1995 gr | ||| |||| ||gre||
020 |a 9607019970 
035 |a 1995  |b 3  |c Παπούδη  |l 10033425 
035 |a 1997  |b 3  |c Πολεμικός 
040 |a GR-MY-UA  |b gre  |e aacr 
041 1 |a gre  |h eng 
082 7 |a 153.7   |2 (22) 
100 1 |a Reddy, Peter. 
245 1 0 |a Προσοχή και μαθησιακές δεξιότητες /   |c Peter Reddy ; μετάφραση: Γιώργος Σπανούδης.  
250 |a 2η εκδ. 
260 |a Αθήνα :   |b Ελληνικά Γράμματα ,   |c 1995.  
300 |a 40 σ. ;   |c 24 εκ.  
490 1 |a (Γνωστική ψυχολογία. Γνωστικές λειτουργίες ;   |v  7) 
500 |a Τίτλος πρωτοτύπου: Attention and skills learning.  
650 0 0 |a Cognition. 
650 0 0 |a Senses and sensation. 
650 0 0 |a Perception. 
700 1 |a Σπανούδης, Γιώργος,  |e trl 
830 0 |a Γνωστική ψυχολογία. Γνωστικές λειτουργίες ;  |v  7 
852 |a INST  |b RHODES  |e 19960827  |h 153.7 RED  |p 005400011608  |q 005400011608  |t BK  |y 0 
852 |a INST  |b RHODES  |e 19990305  |h 153.7 RED  |p 005400015458  |q 005400015458  |t BK  |y 0 
909 |a Ρ  |b 043272 
909 |a Ρ  |b 051798 
970 |z 27/08/1996